Представление документа в формате RUSMARC

ПолеНазваниеЗначение
  Тип записи a
  Библиографический уровень m
001 Контрольный номер RU/SLIB/B/208736259
005 Дата корректировки 20201206204039.8
010 Индекс ISBN __
d Цена 600-00
101 Язык документа 0_
a Язык текста rus
200 Заглавие и сведения об ответственности 1_
a Заглавие Строение литосферы континентов и океанов
f Первые сведения об ответственности Кунин Н. Я.
b Общее обозначение материала Текст
210 Выходные данные __
a Место издания М.
c Издательство Недра
d Дата издания 1989
215 Физическое описание __
a Объем 286 с.
c Иллюстрации/тип воспроизводства ил.
606 Тематические рубрики __
a Основная рубрика Минералогия
606 Тематические рубрики __
a Основная рубрика Геология
610 Ключевые слова __
a Ключевые слова литосфера; земная кора; континенты; океаны
686 Индексы других классификаций __
a Классификационный индекс 26.31
686 Индексы других классификаций __
a Классификационный индекс 26.38
700 Автор _1
a Фамилия Кунин
b Имя Н. Я.
4 Код отношения 070
801 Источник записи _0
a Страна RU
b Организация Муниципальное бюджетное учреждение культуры "Централизованная библиотечная система" г. Сургут (Центральная городская библиотека им. А. С. Пушкина)
g Правила каталогизации КиК/Михайлова
801 Источник записи _1
a Страна RU
b Организация Муниципальное бюджетное учреждение культуры "Централизованная библиотечная система" г. Сургут (Центральная городская библиотека им. А. С. Пушкина)
g Правила каталогизации КиК/Михайлова
852 Данные о местонахождении __
j Шифр хранения 26.31
c Каталожный индекс 26.31; 26.38
i Авторский знак К 91
p Инвентарный номер 59387
901 Тип документа __
t Тип документа m
990 Данные о заказе (DOS) __
j Количество экземпляров (DOS) 1